Sports Quiz

Random Sports or Soccer Quiz
Score 0/20 Timer 04:00
0 Plays Today
הליגה הקבוצה % Correct
אנגליהליברפול
98.9%
איטליהיובנטוס
97.9%
ספרדריאל מדריד
92.6%
גרמניהבאיירן מינכן
87.3%
ישראלמכבי תל אביב
85.4%
פורטוגלפורטו
79.6%
צרפתפ.ס.ז'
65.3%
סקוטלנדסלטיק
57.7%
רוסיהזניט
55.7%
אוקראינהשחטאר
51.8%
הליגה הקבוצה % Correct
סרביההכוכב האדום
44.8%
אוסטריהזלצבורג
43.1%
יווןאולימפיאקוס
41%
קרואטיהדינמו זאגרב
25.6%
פוליןלגיה ורשה
25.1%
בלגיהברוז'
21%
צ'כיהסלביה פראג
19.1%
בולגריהלודוגורץ
17.9%
טורקיהבשקשהיר
12.9%
דנמרקמידטילנד
3.6%
Remove Ads.
Support Sporcle.
Get the best of Sporcle when you Go Orange. This ad-free experience offers more features, more stats, and more fun while also helping to support Sporcle. Thank you for becoming a member.

You're not logged in!

Compare scores with friends on all Sporcle quizzes.
OR
Log In

Sporcle TV

Today on Sporcle TV


Watch our educational content, quiz creation guides, and fun videos on Sporcle TV.

Show Comments

Extras

Created Jul 30, 2020ReportNominate
Tags:Soccer Quiz

Top Quizzes Today


Score Distribution

Paid Content

Your Account Isn't Verified!

In order to create a playlist on Sporcle, you need to verify the email address you used during registration. Go to your Sporcle Settings to finish the process.

Report this User

Report this user for behavior that violates our Community Guidelines.

Details: